000 00645nam a2200253 a 4500
001 nice12345678
003 IN_TiNIC
005 20260116013508.0
008 050524s1994 tama grp 000 0 eng
020 _a
_c100
082 0 0 _a121.2
_bNAM
100 _aNambi, Manickam
245 _aTen Dimensional Universe Or the Surrender
260 _aTamil Nadu
_bManickam Nambi
_c1994
300 _a92p
500 _aincludes index and biblioraphy
505 2 _aBack Notes
650 _aKnowledge-Philosophy
650 _aPhilosophy-Theory of Knowledge
700 1 _aNambi, Manickam
902 _bSRS
942 _cBK
999 _c11206
_d11206